| 000 | 00509cam a22002054a 4500 | ||
|---|---|---|---|
| 005 | 20250605164254.0 | ||
| 008 | 250528s ||||||||||||||||||||||||d | ||
| 035 | _a21872 | ||
| 020 | _a9780201728996 | ||
| 040 |
_aGR-AtMCL _bgre _dGR-AtMCL _eAACR2 |
||
| 245 | 1 | _aMANAGING MULTIMEDIA VOLUME 2: TECHNICAL ISSUES | |
| 250 | _a3 | ||
| 260 |
_bAddison-Wesley, _c2002 |
||
| 300 | _a228 | ||
| 700 | 1 |
_aEngland Elaine _97768 |
|
| 700 | 1 |
_aFinney Andy _97769 |
|
| 942 | _cBK | ||
| 999 |
_c6930 _d6930 |
||